[Event "Quebec op U2000"]
[Site "Montreal"]
[Date "2012.07.24"]
[Round "5"]
[White "Giroux, Robert"]
[Black "Maximo, Alcantara"]
[Result "1/2-1/2"]
[WhiteElo "1845"]
[BlackElo "1757"]
[PlyCount "125"]
[EventDate "2012.07.21"]
[EventType "swiss"]
[EventRounds "9"]
[EventCountry "CAN"]
[SourceTitle "EXT 2022"]
[Source "ChessBase"]
[SourceDate "2021.10.06"]
[SourceVersion "1"]
[SourceVersionDate "2021.10.06"]
[SourceQuality "1"]

1. d4 Nf6 2. Nf3 d5 3. e3 Bg4 4. c4 e6 5. cxd5 Bb4+ 6. Bd2 Bxd2+ 7. Nbxd2 exd5 8. Qb3 b6 9. Ne5 0-0 10. Nxg4 Nxg4 11. Nf3 c6 12. h3 Nf6 13. Qc2 Qd6 14. Bd3 Qb4+ 15. Qc3 Qxc3+ 16. bxc3 Nbd7 17. 0-0 c5 18. c4 Rac8 19. cxd5 Nxd5 20. Bf5 Rcd8 21. Bxd7 Rxd7 22. dxc5 bxc5 23. Rfd1 Nf6 24. Ne5 Rc7 25. Nc4 g6 26. Rab1 Re8 27. f3 Nd7 28. Kf2 Ne5 29. Nxe5 Rxe5 30. Rbc1 c4 31. Rc3 Rb5 32. Rdc1 Rb4 33. a3 Ra4 34. Ke2 Rb7 35. Rxc4 Rxa3 36. Rc8+ Kg7 37. R1c2 a5 38. R8c7 Rxc7 39. Rxc7 Ra2+ 40. Kf1 h5 41. h4 a4 42. Ra7 a3 43. Kg1 Kf6 44. Ra5 Ke6 45. Kh2 Ra1 46. e4 a2 47. Kg3 f6 48. f4 Kd6 49. e5+ fxe5 50. fxe5+ Ke6 51. Ra6+ Kxe5 52. Ra5+ Kf6 53. Ra6+ Kg7 54. Ra7+ Kf6 55. Ra6+ Ke7 56. Ra7+ Ke6 57. Ra6+ Kd5 58. Ra5+ Kc6 59. Ra6+ Kb5 60. Ra8 Kb6 61. Ra4 Kc5 62. Ra5+ Kc4 63. Ra8 1/2-1/2